Statistiques concernant Codes-missions du RER A

Cliquez ici pour prendre le quiz!

Statistiques générales

  • Ce quiz a été pris 57 fois
    (56 depuis la dernière actualisation)
  • Le résultat moyen est 30 sur 107

Statistiques - réponses

HintRéponse% Correct
Saint-Germain -› Marne-la-Vallée OMNIBUS (matinée)QIWI
68%
Boissy-St-Léger -› Saint-Germain OMNIBUS (après-midi)ZEUS
68%
Boissy-St-Léger -› Cergy OMNIBUS (matin -› 14h38)UZAR
59%
Marne-la-Vallée -› Cergy OMNIBUS (après-midi)UPUS
55%
Boissy-St-Léger -› Cergy OMNIBUS (14h50 -› soir)UZEL
55%
Saint-Germain -› Boissy OMNIBUS (matin)NEGE
50%
Cergy -› Marne-la-Vallée OMNIBUS (après-midi)QYAN
50%
Boissy-St-Léger -› Poissy OMNIBUSTAXE
50%
Torcy -› Poissy OMNIBUS (matin)TROC
50%
Cergy -› Boissy OMNIBUS (toute la journée sauf 07h34)NATO
45%
Poissy -› Torcy OMNIBUSOKLA
45%
Saint-Germain -› Marne-la-Vallée OMNIBUS (après-midi)QIKI
45%
Torcy -› Poissy OMNIBUS (soir)TRAM
45%
Cergy -› Torcy OMNIBUS (Soir)OPUS
41%
Cergy -› Poissy (INTERRUPTION SARTROUVILLE)TOUR
41%
Marne-la-Vallée -› Cergy OMNIBUS (soir)UPIR
41%
Boissy-St-Léger -› Saint-Germain OMNIBUS (soir)ZEMA
41%
Marne-la-Vallée -› Saint-Germain OMNIBUS (matin -› 14h31)ZUPE
41%
Torcy -› La Défense SANS Neuilly-PlaisanceBABY
36%
Poissy -› Boissy OMNIBUS (après-midi)NOTE
36%
Saint-Germain -› Torcy SANS Nanterre-PréfectureONIX
36%
Boissy-St-Léger -› Poissy OMNIBUS (exceptionnel, soir)TAPI
36%
Torcy -› Cergy OMNIBUSUBOS
36%
Poissy -› Cergy (INTERRUPTION SARTROUVILLE)UOTE
36%
Boissy-St-Léger -› Cergy OMNIBUS (14h38 et 14h50 départ Boissy)UZIN
36%
Marne-la-Vallée -› Rueil-Malmaison OMNIBUS (dernier train de la journée)YVAN
36%
Boissy-St-Léger -› Saint-Germain OMNIBUS (matin)ZEBU
36%
Torcy -› Saint-Germain SANS Lognes, Neuilly-PlaisanceZITA
36%
Marne-la-Vallée -› Saint-Germain OMNIBUS (14h43 -› soir)ZUMO
36%
Torcy -› La Défense SANS Lognes, Bry-sur-MarneBLOK
32%
Marne-la-Vallée -› La Défense SANS Noisiel, Neuilly-PlaisanceBORA
32%
Saint-Germain -› Boissy OMNIBUS (après-midi)NELY
32%
Saint-Germain -› Boissy OMNIBUS (soir)NEMO
32%
La Défense -› Boissy OMNIBUSNICO
32%
Sartrouville -› Boissy OMNIBUSNYON
32%
Cergy -› Torcy OMNIBUS (Assez rare)OPEN
32%
Rueil -› Torcy OMNIBUSOVAL
32%
Saint-Germain -› Marne-la-Vallée SANS Nanterre-PréfectureQENO
32%
Cergy -› Marne-la-Vallée OMNIBUS (matin)QYRO
32%
Marne-la-Vallée -› Poissy OMNIBUSTEDI
32%
Marne-la-Vallée -› Cergy OMNIBUS (matin)UPAC
32%
Boissy -› Sartrouville OMNIBUS (journée)VELO
32%
Marne-la-Vallée -› Le Vésinet - Le Pecq SANS Bry-sur-MarneXANO
32%
Marne-la-Vallée -› Rueil-Malmaison SANS Bussy-Saint-Georges, Noisiel, Nanterre-PréfectureYSTO
32%
Boissy -› La Défense OMNIBUSBERO
27%
Saint-Germain -› Torcy SANS Bry-sur-MarneOJIV
27%
Cergy -› Torcy OMNIBUS (Matin)OPPE
27%
Saint-Germain -› Torcy SANS Neuilly-Plaisance, LognesOURS
27%
Saint-Germain -› Marne-la-Vallée SANS LognesQBIK
27%
Le Vésinet - Le Pecq -› Marne-la-Vallée SANS Noisiel, Bussy-Saint-GeorgesQKOU
27%
Saint-Germain -› Marne-la-Vallée SANS Bry-sur-Marne, NoisielQNOR
27%
Le Vésinet - Le Pecq -› Marne-la-Vallée OMNIBUSQOKA
27%
Poissy -› Marne-la-Vallée OMNIBUSQURI
27%
Cergy -› Marne-la-Vallée OMNIBUS (soir)QYLT
27%
Marne-la-Vallée -› Le Vésinet - Le Pecq OMNIBUSXILO
27%
Torcy -› Saint-Germain SANS LognesZARA
27%
Marne-la-Vallée -› Saint-Germain SANS Bry-sur-MarneZCAR
27%
Rueil-Malmaison -› Saint-Germain (premier train de la journée)ZWIC
27%
Torcy -› La Défense SANS Noisiel, Neuilly-PlaisanceBRIN
23%
Cergy -› Boissy OMNIBUS (07h34)NAJA
23%
Le Vésinet - Le Pecq -› Torcy OMNIBUSODAR
23%
Saint-Germain -› Torcy SANS LognesOGIR
23%
Le Vésinet - Le Pecq -› Marne-la-Vallée SANS LognesQCOQ
23%
Rueil-Malmaison -› Marne-la-Vallée OMNIBUSQHAR
23%
Le Vésinet - Le Pecq -› Marne-la-Vallée SANS Bry-sur-MarneQJON
23%
Rueil-Malmaison -› Marne-la-Vallée SANS Bry-sur-Marne, NoisielQPID
23%
Torcy -› Cergy OMNIBUS (tôt le matin et tard le soir)UBAL
23%
Torcy -› Le Vésinet - Le Pecq OMNIBUSXTAZ
23%
Marne-la-Vallée -› Le Vésinet - Le Pecq SANS Bussy-Saint-GeorgesXURA
23%
Torcy -› Rueil-Malmaison SANS Nanterre-PréfectureYROC
23%
Marne-la-Vallée -› Saint-Germain SANS Bussy-Saint-Georges, NoisielZBRA
23%
Marne-la-Vallée -› Saint-Germain SANS Noisiel, Neuilly-PlaisanceZJIR
23%
Torcy -› Saint-Germain OMNIBUSZODE
23%
Marne-la-Vallée -› Saint-Germain OMNIBUS (14h31 et 14h43 départ Marne-la-Vallée)ZULI
23%
Marne-la-Vallée -› Saint-Germain OMNIBUS (extrême soirée)ZURE
23%
Poissy -› Nanterre OMNIBUS (RUPTURE D'INTERCONNEXION)JONE
18%
La Défense -› Torcy OMNIBUSORKA
18%
Saint-Germain -› Torcy SANS NoisielOTTA
18%
Saint-Germain -› Marne-la-Vallée SANS Noisiel, Bussy-Saint-GeorgesQAVE
18%
La Défense -› Marne-la-Vallée SANS Neuilly-Plaisance, LognesQDIL
18%
Le Vésinet - Le Pecq -› Marne-la-Vallée SANS Bry-sur-Marne, Bussy-Saint-GeorgesQGAN
18%
Saint-Germain -› Marne-la-Vallée SANS Bry-sur-MarneQLAS
18%
Saint-Germain -› Marne-la-Vallée SANS Neuilly-Plaisance, LognesQMAR
18%
Saint-Germain -› Marne-la-Vallée SANS Bry-sur-Marne, Bussy-Saint-GeorgesQSUT
18%
Rueil-Malmaison -› Marne-la-Vallée SANS Nanterre-Préfecture, Noisiel, Bussy-Saint-GeorgesQTIL
18%
La Défense -› Marne-la-Vallée OMNIBUSQZOL
18%
Boissy -› Sartrouville OMNIBUS (extrême soirée)VETA
18%
Marne-la-Vallée -› Sartrouville OMNIBUS (matin)VIDA
18%
Marne-la-Vallée -› Rueil-Malmaison SANS Nanterre-PréfectureYEEN
18%
Torcy -› Rueil-Malmaison SANS Lognes, Neuilly-PlaisanceYPER
18%
Saint-Germain -› Torcy OMNIBUSOBUT
14%
Rueil -› Torcy SANS Nanterre-PréfectureOFIS
14%
Rueil -› Torcy SANS Nanterre-Préfecture, NoisielOHME
14%
Maisons-Laffitte -› Torcy OMNIBUSOSTI
14%
Cergy -› Saint-Lazare OMNIBUS (RUPTURE D'INTERCONNEXION)PUCE
14%
Achères-Ville -› Marne-la-Vallée OMNIBUSQVET
14%
Maisons-Laffitte -› Marne-la-Vallée OMNIBUS (après-midi)QXOU
14%
Nanterre -› Poissy OMNIBUS (RUPTURE D'INTERCONNEXION)TONE
14%
Marne-la-Vallée -› Saint-Germain SANS Lognes, Bry-sur-MarneZTOR
14%
Marne-la-Vallée -› Saint-Germain SANS Val d'Europe, Lognes, Bry-sur-MarneZVAL
14%
Saint-Germain -› Torcy SANS Bry-sur-Marne, NoisielOIES
9%
Le Vésinet - Le Pecq -› Torcy SANS Neuilly-Plaisance, LognesOMAX
9%
Maisons-Laffitte -› Marne-la-Vallée OMNIBUS (soir)QXEL
9%
Marne-la-Vallée -› Sartrouville OMNIBUS (soir)VIEW
9%
Marne-la-Vallée -› Sartrouville OMNIBUS (après-midi)VIRO
9%
Maisons-Laffitte -› Marne-la-Vallée OMNIBUS (matin)QXAC
5%
Saint-Lazare -› Cergy OMNIBUS (RUPTURE D'INTERCONNEXION)URAC
5%

Distribution des résultats

Percentile par nombre de réponses

% des personnes avec chaque résultat

Votre développement - résultats

Vous n’avez pas pris ce quiz depuis la dernière actualisation